Las edades de la inteligencia

Salvato in:
Dettagli Bibliografici
Autore principale: Brunschvicg, León
Natura: Libro
Lingua:spagnolo
Pubblicazione: Buenos Aires. Hachette. 1955.
Soggetti:
Tags: Aggiungi Tag
Nessun Tag, puoi essere il primo ad aggiungerne!!

MARC

LEADER 00000nam a22000005a 4500
001 19407
003 CL-ChBUA
005 20120815103723.0
008 070301s1955 ag 000 0 spa
040 |a CL-ChBUA  |c CL-ChBUA 
082 0 0 |a 149.7 
090 |c 19407  |d 19407 
100 1 |a Brunschvicg, León. 
245 1 0 |a Las edades de la inteligencia 
260 |b Hachette.  |a Buenos Aires.  |c 1955. 
300 |a 138 p.  |c 21cm. 
504 |a Indice. 
650 4 |a RACIONALISMO. 
650 4 |a FILOSOFIA - HISTORIA. 
942 |c LIB 
952 |0 0  |1 0  |4 0  |7 0  |9 26594  |a UNACH  |b UNACH  |c 100  |d 2007-03-05  |i 36.759.  |l 0  |o 149.7 / B 899.  |p 27593  |r 2013-06-26 00:00:00  |u 26594  |w 2012-08-08  |y LIB  |k 149.7 / B 899. 
999 |c 19407  |d 19407